| Tag |
First Indicator |
Second Indicator |
Subfields |
| LEADER |
00000cam a2200000 i 4500 |
| 001 |
in00003607060 |
| 005 |
20170928110454.0 |
| 008 |
150514s2015 enk b 001 0 eng |
| 010 |
|
|
|a 2015018444
|
| 015 |
|
|
|a GBB588421
|2 bnb
|
| 019 |
|
|
|a 885910126
|a 919000147
|a 929410984
|
| 020 |
|
|
|a 9780567022196 (hardback : alk. paper)
|
| 020 |
|
|
|a 0567022196 (hardback : alk. paper)
|
| 020 |
|
|
|a 9780567499172 (pbk. : alk. paper)
|
| 020 |
|
|
|a 0567499170 (pbk. : alk. paper)
|
| 020 |
|
|
|z 9780567433701
|q (ePDF)
|
| 020 |
|
|
|z 9780567296214
|q (ePub)
|
| 024 |
8 |
|
|a 99965379207
|
| 029 |
1 |
|
|a AU@
|b 000054827302
|
| 035 |
|
|
|a (OCoLC)ocn886489467
|
| 035 |
|
|
|a (OCoLC)886489467
|
| 040 |
|
|
|a DLC
|b eng
|e rda
|c DLC
|d YDX
|d BTCTA
|d BDX
|d YDXCP
|d OCLCF
|d CDX
|d GHS
|d NLE
|d UtOrBLW
|
| 042 |
|
|
|a pcc
|
| 049 |
|
|
|a TXAM
|
| 050 |
0 |
0 |
|a BR44
|b .Y34 2015
|
| 082 |
0 |
0 |
|a 808.06/623
|2 23
|
| 100 |
1 |
|
|a Yaghjian, Lucretia B.,
|e author.
|0 http://id.loc.gov/authorities/names/n2006073385
|
| 245 |
1 |
0 |
|a Writing theology well :
|b a rhetoric for theological and biblical writers /
|c Lucretia B. Yaghjian.
|
| 250 |
|
|
|a Second edition.
|
| 264 |
|
1 |
|a London ;
|a New York :
|b Bloomsbury T&T Clark,
|c 2015.
|
| 300 |
|
|
|a xxviii, 441 pages ;
|c 25 cm
|
| 336 |
|
|
|a text
|b txt
|2 rdacontent
|
| 337 |
|
|
|a unmediated
|b n
|2 rdamedia
|
| 338 |
|
|
|a volume
|b nc
|2 rdacarrier
|
| 504 |
|
|
|a Includes bibliographical references and index.
|
| 650 |
|
0 |
|a Christian literature
|x Authorship.
|0 http://id.loc.gov/authorities/subjects/sh2004003282
|
| 650 |
|
0 |
|a Theology.
|0 http://id.loc.gov/authorities/subjects/sh85134665
|
| 650 |
|
7 |
|a Christian literature
|x Authorship.
|2 fast
|0 (OCoLC)fst00859223
|
| 650 |
|
7 |
|a Theology.
|2 fast
|0 (OCoLC)fst01149559
|
| 938 |
|
|
|a Baker and Taylor
|b BTCP
|n BK0015468667
|
| 938 |
|
|
|a Brodart
|b BROD
|n 110120973
|
| 938 |
|
|
|a YBP Library Services
|b YANK
|n 12017246
|
| 938 |
|
|
|a Coutts Information Services
|b COUT
|n 25505574
|
| 938 |
|
|
|a YBP Library Services
|b YANK
|n 12017241
|
| 947 |
|
|
|a A14843349995
|
| 945 |
|
|
|a PromptCat
|b 444573
|
| 946 |
|
|
|a stk
|
| 994 |
|
|
|a 92
|b TXA
|
| 948 |
|
|
|a Cataloged
|b h
|c 2016/1/7
|d c
|e AReeder
|
| 999 |
f |
f |
|s c6be1374-e449-3f86-a1b2-d42ef2f9b9ae
|i 1e728c7a-150d-3fda-bc76-8a9428005a06
|t 0
|
| 952 |
f |
f |
|p normal
|a Texas A&M University
|b College Station
|c Sterling C. Evans Library
|d Evans: Library Stacks
|t 0
|e BR44 .Y34 2015
|h Library of Congress classification
|i unmediated -- volume
|m A14843349995
|
| 998 |
f |
f |
|a BR44 .Y34 2015
|t 0
|l Evans: Library Stacks
|